|
|
|
|
| LEADER |
00000cam a2200000 7i4500 |
| 001 |
0000007787 |
| 002 |
000008357 |
| 005 |
20011116.0 |
| 020 |
|
|
|a 9836235833
|
| 090 |
0 |
0 |
|a 297.122
|b RIZ
|
| 100 |
0 |
|
|a Rizq Haibah
|
| 245 |
1 |
0 |
|a Zakat dan sedekah
|c Rizq Haibah
|
| 260 |
|
|
|a Cairo :
|b Dar Al-FIkir Al-Arabi ,
|c 1993
|
| 300 |
|
|
|a 29p. :
|b ill. ;
|c 23cm.
|
| 490 |
0 |
|
|a Siri pendidikan Al Quran untuk kanak-kanak
|
| 650 |
0 |
0 |
|a Islamic stories, Malay
|
| 999 |
|
|
|a 039978
|b BUKU
|c PINJAMAN
|e PERPUSTAKAAN KOMUNITI PETALING JAYA
|
| 999 |
|
|
|a 039979
|b BUKU
|c PINJAMAN
|e PERPUSTAKAAN KOMUNITI PETALING JAYA
|
| 999 |
|
|
|a 054951
|b BUKU
|c JUNIOR BOOKS
|e PERPUSTAKAAN KOMUNITI CAW KOTA DAMANSARA
|